000 00919cab a2200289 4500
001 WB2814-11
008 090401t1992 xxu||||| |||| 00| 0 eng d
035 _a(Sirsi) u68920
041 _aeng
245 _aRentokil pays compensation for death
260 _c1992
350 _a0
490 _aSunday Times
_v29 March 1992, 15
490 _aBuilding
_v257(7739) 3 April 1992, 12(1)
520 _aRentokil, although not admitting liability, is paying compensation to parents, whose child died after the family home had been treated for woodworm with the pesticide, lindane.
650 _aCOMPENSATION
650 _aHEALTH HAZARDS
650 _aLINDANE
650 _aRENTOKIL
650 _aTIMBER TREATMENT
650 _aTOXIC SUBSTANCES
650 _aWOODWORM
690 _aBUILT ENVIRONMENT-BUILDING MATERIALS
690 _aENVIRONMENTAL AND LAND CONSULTANCY
942 _n0
948 _c04/03/1997
999 _c43272
_d43272